Tế Hanh toàn tập Tập 2 (Thơ dịch, tiểu luận, văn xuôi)

Thơ dịch; Thơ và cuộc sống mới; Văn xuôi; Tiểu luận, văn xuôi chưa in thành tập

Guardado en:
Detalles Bibliográficos
Autor principal: Tế Hanh 1921-2009
Otros Autores: Nguyễn Hữu Sơn (sưu tầm, tuyển chọn), Nguyễn Thanh Tâm (sưu tầm, tuyển chọn)
Formato: Libro
Lenguaje:Vietnamese
Publicado: Hà Nội Văn học 2012
Materias:
Etiquetas: Agregar Etiqueta
Sin Etiquetas, Sea el primero en etiquetar este registro!
Thư viện lưu trữ: Mạng thư viện Đại học Đà Nẵng
LEADER 01458nam a2200385 4500
001 000019239
003 15674
005 20140404140406.0
008 140404s2012 viesd
041 0 |a vie 
082 1 4 |a 895.9228309  |b TÊ-H 
100 1 |a Tế Hanh  |d 1921-2009 
245 1 0 |a Tế Hanh toàn tập  |b Tập 2 (Thơ dịch, tiểu luận, văn xuôi)  |c Nguyễn Hữu Sơn, Nguyễn Thanh Tâm sưu tầm, tuyển chọn 
260 |a Hà Nội  |b Văn học  |c 2012 
300 |a 991 tr.  |c 21 cm. 
500 |a Bộ sách gồm 2 tập 
520 3 |a Thơ dịch; Thơ và cuộc sống mới; Văn xuôi; Tiểu luận, văn xuôi chưa in thành tập 
600 1 4 |a Tế Hanh  |d 1921-2009 
650 0 4 |a Văn học Việt Nam  |x Tế Hanh 
653 |a Thơ dịch 
653 |a Văn học Việt 
653 |a Tiểu luận 
653 |a Văn xuôi 
700 1 |a Nguyễn Hữu Sơn  |e sưu tầm, tuyển chọn 
700 1 |a Nguyễn Thanh Tâm  |e sưu tầm, tuyển chọn 
OWN |a LSP 
AVA |a UDN50  |b LSP  |d 895.9228309 TÊ-H  |e available  |t Error 5001 Not defined in file expand_doc_bib_avail.  |f 3  |g 0  |h N  |i 0  |k 1 
999 |a From the UDN01 
AVA |a UDN50  |b LSP  |d 895.9228309 TÊ-H  |e available  |t Error 5001 Not defined in file expand_doc_bib_avail.  |f 3  |g 0  |h N  |i 0  |k 1 
TYP |a Monograph 
TYP |a Printed language 
980 |a Mạng thư viện Đại học Đà Nẵng